| 000 | 00468cam a2200193ua 4500 | ||
|---|---|---|---|
| 001 | 3479 | ||
| 005 | 20260515113702.0 | ||
| 008 | 111116n ii |||gr||||Z||||||asm | ||
| 040 | _cMAIN | ||
| 082 | _a891.4511 | ||
| 100 | _aKalita, Toshprobha, | ||
| 245 | 1 | 1 |
_aNirbachita kabita _cby Toshprobha Kalita |
| 250 | _a1st. | ||
| 260 |
_aNalbari: _bJournal Emporium,997. |
||
| 300 |
_a99p: _c23cm. |
||
| 653 | _aAssamese poem | ||
| 653 | _aNirbachita kabita | ||
| 942 | _cBK | ||
| 999 |
_c3319 _d3319 |
||